[Event "Brasilia"]
[Site "Brasilia"]
[Date "1981.??.??"]
[Round "?"]
[White "Sunye Neto, Jaime"]
[Black "Ljubojevic, Ljubomir"]
[Result "0-1"]
[WhiteElo "2435"]
[BlackElo "2605"]
[PlyCount "71"]
[EventDate "1981.03.??"]
[Source "ChessBase"]

1. Nf3 c5 2. b3 d5 3. e3 Nf6 4. Bb2 e6 5. d4 cxd4 6. exd4 Nc6 7. a3 Bd6 8. Bd3 O-O 9. O-O b6 10. Nbd2 Bb7 11. Ne5 Ne7 12. Qe2 Rc8 13. f4 Rc7 14. Rae1 Ne8 15. g4 f6 16. Rf3 Bc8 17. Qf2 fxe5 18. fxe5 Ng6 19. exd6 Nxd6 20. Rxf8+ Nxf8 21. Nf3 Rf7 22. Qe3 Ng6 23. Bxg6 hxg6 24. Ng5 Rf6 25. Qh3 Nf7 26. Bc1 Qc7 27. Nh7 Rf4 28. Qg3 g5 29. Bxf4 Qxf4 30. Rf1 Qxd4+ 31. Qf2 Qxg4+ 32. Qg3 Qxg3+ 33. hxg3 e5 34. Rxf7 Kxf7 35. Nxg5+ Kf6 36. Nf3 0-1

[Event "Bad Ragaz Open"]
[Site "Bad Ragaz SUI"]
[Date "1994.??.??"]
[Round "4"]
[White "Blatny, Pavel"]
[Black "Bezold, Michael"]
[Result "1/2-1/2"]
[WhiteElo "2525"]
[BlackElo "2515"]
[PlyCount "54"]
[EventDate "1994.04.??"]
[Source "www.chesslib.no"]
[SourceDate "2004.05.04"]

1. Nf3 Nf6 2. b3 d5 3. Bb2 c6 4. g3 Bf5 5. Bg2 e6 6. d3 Bc5 7. O-O h6 8. Nbd2 O-O 9. a3 a5 10. Qb1 Qe7 11. Qa2 Nbd7 12. Rae1 Bh7 13. Qa1 Rfd8 14. e3 Ba7 15. Re2 a4 16. b4 c5 17. bxc5 Bxc5 18. e4 dxe4 19. Nxe4 Nxe4 20. dxe4 Qf8 21. Ne1 Nb6 22. Nd3 Be7 23. Ne5 Rac8 24. Rb1 Nc4 25. Bc3 Nxe5 26. Bxe5 Rd7 27. Bb2 Rc4 1/2-1/2

[Event "Bizovac CRO, 12. Open Metalis"]
[Site "?"]
[Date "2005.02.26"]
[Round "5.3"]
[White "Dizdarevic Emir"]
[Black "Fercec Nenad"]
[Result "0-1"]
[WhiteElo "2541"]
[BlackElo "2498"]
[PlyCount "60"]
[EventDate "2005.??.??"]
[Source "www.chesslib.no"]
[SourceDate "2004.05.04"]

1. Nf3 d5 2. e3 Nc6 3. d4 Bg4 4. Nbd2 e6 5. h3 Bh5 6. a3 Nf6 7. c4 Be7 8. b4 O-O 9. Bb2 Ne4 10. Be2 f5 11. O-O Bf6 12. Rc1 Ne7 13. b5 Kh8 14. a4 Bxf3 15. Nxf3 Ng6 16. Qc2 Rc8 17. Nd2 Bg5 18. Nxe4 dxe4 19. Rcd1 c6 20. bxc6 bxc6 21. Bc3 Bh6 22. g3 Nh4 23. Rb1 Qg5 24. Rb7 Nf3+ 25. Kg2 Nh4+ 26. Kh1 Nf3 27. Qd1 f4 28. exf4 Rxf4 29. gxf4 Qf5 30. Kg2 Nh4+ 0-1

[Event "Minsk"]
[Site "Minsk"]
[Date "1995.??.??"]
[Round "5"]
[White "Taimanov, Mark E"]
[Black "Tunik, Gennady"]
[Result "0-1"]
[WhiteElo "2505"]
[BlackElo "2530"]
[PlyCount "98"]
[EventDate "1995.??.??"]
[Source "ChessBase"]

1. Nf3 Nf6 2. b3 d5 3. Bb2 c6 4. e3 Bg4 5. h3 Bxf3 6. Qxf3 Nbd7 7. d4 e6 8. Nd2 Qa5 9. Bd3 Bb4 10. Qe2 O-O 11. a3 Bc3 12. b4 Bxd2+ 13. Qxd2 Qc7 14. c4 Nb6 15. Rc1 Nxc4 16. Bxc4 dxc4 17. Rxc4 a5 18. O-O axb4 19. Rxb4 Nd5 20. Rb3 f5 21. Re1 Rf6 22. Bc3 Rg6 23. Qb2 b5 24. Bb4 Qd8 25. Qe2 Nxb4 26. Rxb4 Rxa3 27. Rb2 Qd5 28. f4 Rc3 29. Rc2 Rxc2 30. Qxc2 b4 31. Kh2 b3 32. Qb2 Qe4 33. g3 Qd3 34. Qe2 Qc3 35. Rd1 Rf6 36. Qd3 Qb2+ 37. Rd2 Qc1 38. Rd1 b2 39. g4 Rf8 40. Qb3 b1=Q 41. Qxb1 Qxe3 42. Qd3 Qxf4+ 43. Qg3 fxg4 44. hxg4 Qxg3+ 45. Kxg3 Rd8 46. Re1 Kf7 47. Re4 Rd5 48. Rf4+ Ke7 49. Kf3 e5 0-1

[Event "Srbia-chT"]
[Site "?"]
[Date "2000.??.??"]
[Round "?"]
[White "Lazic Miroljub"]
[Black "Ilincic Zlatko"]
[Result "1-0"]
[WhiteElo "2478"]
[BlackElo "2554"]
[PlyCount "79"]
[EventDate "2000.??.??"]
[Source "www.chesslib.no"]
[SourceDate "2004.05.04"]

1. Nf3 Nf6 2. b3 d5 3. Bb2 g6 4. c4 Bg7 5. cxd5 O-O 6. g3 Nxd5 7. Bxg7 Kxg7 8. Bg2 Nc6 9. d4 Bf5 10. O-O Ncb4 11. a3 Nc6 12. Re1 Be4 13. Nbd2 Nc3 14. Qc1 Bxf3 15. Nxf3 Ne4 16. Rd1 Nd6 17. Ne5 Nb8 18. Qc3 Nd7 19. e4 Nf6 20. Qe3 c6 21. Nc4 Nxc4 22. bxc4 e6 23. e5 Ng4 24. Qf4 h5 25. h3 Nh6 26. d5 cxd5 27. cxd5 exd5 28. Rxd5 Qe7 29. Rad1 Rae8 30. a4 b6 31. Bf1 Qe6 32. Bb5 Re7 33. Bd7 Rxd7 34. Qf6+ Qxf6 35. exf6+ Kxf6 36. Rxd7 Ra8 37. Rb7 h4 38. g4 Kg5 39. Rd4 Kf6 40. Rdd7 1-0

[Event "Soviet Union"]
[Site "Soviet Union"]
[Date "1981.??.??"]
[Round "?"]
[White "Gulko, Boris F"]
[Black "Vulfson, Vladimir"]
[Result "1-0"]
[WhiteElo "2590"]
[BlackElo "2435"]
[PlyCount "119"]
[EventDate "1981.??.??"]
[Source "www.chesslib.no"]
[SourceDate "2004.05.04"]

1. Nf3 c5 2. b3 Nc6 3. Bb2 d5 4. e3 e6 5. Bb5 Bd7 6. O-O Nf6 7. c4 Bd6 8. cxd5 Nxd5 9. d4 cxd4 10. Bxc6 Bxc6 11. Nxd4 Qc7 12. Qh5 O-O 13. Nxc6 Qxc6 14. Qg4 g6 15. Rc1 Qd7 16. Rd1 Qe7 17. Qd4 f6 18. Nc3 Nxc3 19. Qxd6 Qxd6 20. Rxd6 Nd5 21. Rxe6 Rac8 22. g4 Rc2 23. Bd4 Rd8 24. Bxf6 Rd7 25. Be5 Nb4 26. a3 Nd3 27. Bg3 Nc1 28. b4 Kf7 29. Rd6 Rxd6 30. Bxd6 Ke6 31. Bg3 Kd5 32. b5 Kc5 33. Rb1 Ne2+ 34. Kg2 Nc3 35. Rb3 b6 36. Kf3 Nxb5 37. Rd3 Rc3 38. Rxc3+ Nxc3 39. Be5 Nb1 40. Bg7 Kd5 41. e4+ Ke6 42. a4 b5 43. axb5 Na3 44. h4 Nxb5 45. Ke3 a5 46. Kd3 a4 47. f3 Kd6 48. Kc4 Kc6 49. Bc3 a3 50. Be5 a2 51. Kb3 Kc5 52. Kxa2 Kc4 53. f4 Na7 54. f5 Nc6 55. Bc7 Kd3 56. f6 Nd4 57. f7 Ne6 58. e5 Ke4 59. g5 Kf5 60. Bd6 1-0

[Event "HUN Ch"]
[Site "HUN"]
[Date "1984.??.??"]
[Round "2"]
[White "Csom, Istvan"]
[Black "Pinter, Jozsef"]
[Result "1/2-1/2"]
[WhiteElo "2505"]
[BlackElo "2515"]
[PlyCount "25"]
[EventDate "1984.03.??"]
[Source "www.chesslib.no"]
[SourceDate "2004.05.04"]

1. Nf3 Nf6 2. b3 d5 3. Bb2 Bg4 4. e3 Nbd7 5. Be2 e6 6. O-O Bd6 7. d3 O-O 8. Nbd2 Qe7 9. Re1 Rfd8 10. c4 c6 11. Nd4 Bxe2 12. Qxe2 Ba3 13. Bc3 1/2-1/2

[Event "Swidnica op-A"]
[Site "?"]
[Date "2000.??.??"]
[Round "3"]
[White "Berezin Oleg"]
[Black "Malakhatko Vadim"]
[Result "0-1"]
[WhiteElo "2449"]
[BlackElo "2568"]
[PlyCount "117"]
[EventDate "2000.??.??"]
[Source "www.chesslib.no"]
[SourceDate "2004.05.04"]

1. Nf3 Nf6 2. b3 d5 3. Bb2 Bg4 4. e3 e6 5. Be2 Nbd7 6. O-O Bd6 7. c4 O-O 8. d4 c6 9. Nbd2 Qc7 10. h3 Bh5 11. Re1 Rad8 12. Qc2 Bg6 13. Bd3 Bxd3 14. Qxd3 Be7 15. Qc2 Rfe8 16. a3 a6 17. Rac1 Qb8 18. Qb1 Bd6 19. e4 dxe4 20. Nxe4 Nxe4 21. Qxe4 Be7 22. Rcd1 Bf6 23. Bc1 Qd6 24. Qc2 Qf8 25. Re2 Rc8 26. Rd3 Red8 27. Ng5 g6 28. Ne4 Be7 29. a4 Nf6 30. Nc3 Nh5 31. Qd1 Rd7 32. Be3 Qd8 33. g3 Ng7 34. g4 b5 35. axb5 cxb5 36. cxb5 axb5 37. d5 Qa5 38. Ne4 f5 39. Ng5 Rcd8 40. Bd2 Qa6 41. Nxe6 Nxe6 42. gxf5 Ng7 43. fxg6 Qxg6+ 44. Rg3 Qf7 45. Bc3 Bf8 46. Re4 Rxd5 47. Qe2 Rd1+ 48. Kg2 Qd5 49. Bxg7 Bxg7 50. Kh2 Kh8 51. Re8+ Rxe8 52. Qxe8+ Qg8 53. Qxb5 Qa8 54. Rg1 Rd5 55. Qc4 Be5+ 56. f4 Rd2+ 57. Kg3 Bd4 58. Qe6 Rd3+ 59. Kg4 0-1

[Event "IX Guillermo Garcia Mem Alfil, Santa Cl"]
[Site "?"]
[Date "2001.??.??"]
[Round "?"]
[White "Nogueiras, J."]
[Black "Gomez, Fe"]
[Result "1/2-1/2"]
[WhiteElo "2555"]
[BlackElo "2460"]
[PlyCount "37"]
[EventDate "2001.??.??"]
[Source "www.chesslib.no"]
[SourceDate "2004.05.04"]

1. Nf3 d5 2. e3 Nf6 3. b3 c5 4. Bb2 Nc6 5. Bb5 a6 6. Bxc6+ bxc6 7. Nc3 Qc7 8. Na4 Nd7 9. O-O e5 10. Nh4 Qd8 11. g3 h5 12. f4 e4 13. d3 Nf6 14. Bxf6 Qxf6 15. dxe4 dxe4 16. Qe2 Bh3 17. Rfe1 Qe6 18. f5 Qe5 19. Nb6 1/2-1/2

[Event "TCh-SCG"]
[Site "Petrovac"]
[Date "2004.05.21"]
[Round "6"]
[White "Lazic, Miroljub"]
[Black "Markus, Robert"]
[Result "0-1"]
[WhiteElo "2481"]
[BlackElo "2532"]
[PlyCount "90"]
[EventDate "2004.05.16"]
[Source "Roberto Alvarez"]
[SourceDate "2004.05.24"]

1. Nf3 Nf6 2. b3 d5 3. Bb2 Bg4 4. e3 e6 5. h3 Bxf3 6. Qxf3 Nbd7 7. g4 Bd6 8. g5 Ne4 9. h4 Be5 10. Bxe5 Nxe5 11. Qg2 Qd6 12. f4 Nc6 13. Bd3 O-O-O 14. Bxe4 dxe4 15. Qxe4 f5 16. Qd3 Qe7 17. Qc4 h6 18. gxh6 Rxh6 19. Nc3 Rxh4 20. O-O-O g5 21. d4 Rxh1 22. Rxh1 gxf4 23. exf4 Rxd4 24. Rh8+ Rd8 25. Rxd8+ Nxd8 26. Nb5 a6 27. Nd4 Qd6 28. Ne2 b5 29. Qc3 Nc6 30. Qe3 Kb7 31. c3 Ne7 32. Nd4 Nd5 33. Qxe6 Qa3+ 34. Kb1 Nxc3+ 35. Kc2 Qc5 36. Kd3 Nxa2 37. Qxf5 Nb4+ 38. Ke4 Qc3 39. Qf6 Nc2 40. Qe5 Qxd4+ 41. Qxd4 Nxd4 42. Kxd4 a5 43. Kc5 c6 44. Kd6 a4 45. bxa4 bxa4 0-1

[Event "RUS-Cup02"]
[Site "Moscow"]
[Date "1998.??.??"]
[Round "2"]
[White "Obukhov, Alexander"]
[Black "Rustemov, Alexander"]
[Result "0-1"]
[WhiteElo "2430"]
[BlackElo "2575"]
[PlyCount "48"]
[EventDate "1998.01.21"]
[Source "ChessBase"]
[SourceDate "1998.04.09"]

1. Nf3 d5 2. e3 Nf6 3. c4 e6 4. b3 c5 5. cxd5 exd5 6. Bb5+ Nc6 7. O-O Bd6 8. h3 O-O 9. Bb2 Re8 10. Bxc6 bxc6 11. Qc2 Ne4 12. Nc3 Re6 13. Kh1 Ng5 14. Nxg5 Qxg5 15. f4 Qh4 16. Rf3 Rg6 17. d3 Bg4 18. Rf2 d4 19. exd4 Bxh3 20. gxh3 Qxh3+ 21. Rh2 Qf3+ 22. Rg2 Bxf4 23. Re1 Qh5+ 24. Kg1 Qh2+ 0-1

[Event "Ch Serbia (qual)"]
[Site "Belgrade (Yugoslavia)"]
[Date "2007.01.29"]
[Round "7"]
[White "Drazic Sinisa (SCG)"]
[Black "Milanovic Danilo (SCG)"]
[Result "1-0"]
[WhiteElo "2483"]
[BlackElo "2519"]
[PlyCount "101"]
[EventDate "2007.??.??"]
[Source "www.chesslib.no"]
[SourceDate "2004.05.04"]

1. b3 d5 2. Bb2 Bg4 3. Nf3 Nf6 4. e3 e6 5. h3 Bh5 6. c4 c6 7. Be2 Nbd7 8. O-O Bd6 9. d3 Bxf3 10. Bxf3 Qe7 11. Nc3 Ba3 12. Qc1 Bxb2 13. Qxb2 O-O 14. d4 Rab8 15. Rfc1 dxc4 16. bxc4 e5 17. Rab1 Rfd8 18. Rd1 a6 19. Qc2 exd4 20. exd4 Nf8 21. d5 c5 22. Rb6 Rd6 23. Qb2 Qc7 24. Rb3 N8d7 25. Rb1 b6 26. Re1 Qd8 27. Qd2 Qf8 28. Rbb1 Ne8 29. Bd1 Ndf6 30. Ba4 Nc7 31. Bc6 Ne6 32. Ne2 Rdd8 33. Qc3 Nc7 34. Ng3 Nfe8 35. a4 Nd6 36. Re3 b5 37. cxb5 axb5 38. Qxc5 Nc4 39. Qxf8+ Kxf8 40. Rc3 Na5 41. axb5 Nxd5 42. Bxd5 Rxd5 43. b6 Nb7 44. Ne4 h6 45. Rc7 Re5 46. Rb4 f5 47. Nc3 Nd6 48. Rd7 Nc8 49. b7 Ne7 50. Rc7 Ke8 51. Rd4 1-0

[Event "ECC, Panormo GRE"]
[Site "?"]
[Date "2001.??.??"]
[Round "6"]
[White "Vassallo, M."]
[Black "Stanec, N."]
[Result "0-1"]
[WhiteElo "2470"]
[BlackElo "2530"]
[PlyCount "74"]
[EventDate "2001.??.??"]
[Source "www.chesslib.no"]
[SourceDate "2004.05.04"]

1. Nf3 c5 2. b3 d5 3. e3 Nf6 4. Bb2 e6 5. d4 Nbd7 6. Bd3 b6 7. O-O Bb7 8. c4 dxc4 9. bxc4 Be7 10. Nc3 O-O 11. d5 e5 12. Nd2 Ne8 13. f4 exf4 14. exf4 Bf6 15. Qc2 g6 16. Nce4 Bxb2 17. Qxb2 f5 18. Ng5 Qf6 19. Qxf6 Ndxf6 20. a4 Ng7 21. Ngf3 Nge8 22. Ng5 Ng7 23. a5 Rfe8 24. Rfb1 Nd7 25. g3 Re3 26. Bf1 Ne8 27. axb6 axb6 28. Rxa8 Bxa8 29. Kf2 Ra3 30. Ngf3 Nef6 31. h3 Ra2 32. Ke3 Ra3+ 33. Kf2 Ra2 34. Ke3 Ra3+ 35. Bd3 Bxd5 36. cxd5 Nxd5+ 37. Ke2 Nc3+ 0-1

[Event "Mondariz Open"]
[Site "Mondariz ESP"]
[Date "1994.??.??"]
[Round "?"]
[White "Giorgadze, Giorgi"]
[Black "Hall, Jesper"]
[Result "1-0"]
[WhiteElo "2565"]
[BlackElo "2435"]
[PlyCount "83"]
[EventDate "1994.07.??"]
[Source "www.chesslib.no"]
[SourceDate "2004.05.04"]

1. Nf3 c5 2. b3 Nc6 3. Bb2 d5 4. e3 Nf6 5. Be2 g6 6. O-O Bg7 7. d3 O-O 8. Nbd2 b6 9. c4 Bb7 10. a3 d4 11. exd4 cxd4 12. b4 Nh5 13. Re1 Qd7 14. g3 Rae8 15. b5 Nd8 16. Nh4 Nf6 17. a4 Ne6 18. Ndf3 Nh5 19. Bf1 Nef4 20. a5 Nh3+ 21. Bxh3 Qxh3 22. axb6 axb6 23. Ra7 Ba8 24. Bxd4 Bf6 25. Bxb6 Bxh4 26. Nxh4 Nf6 27. Qd2 h6 28. Be3 g5 29. Bxg5 hxg5 30. Qxg5+ Kh8 31. Qf5 Qxf5 32. Nxf5 Rd8 33. b6 Bc6 34. Nxe7 Bf3 35. Re3 Bh5 36. b7 Ng4 37. Re1 Rfe8 38. f3 Nf6 39. Re3 Bg6 40. Kf2 Bxd3 41. Nd5 Nxd5 42. cxd5 1-0

[Event "Bor"]
[Site "Bor"]
[Date "1985.??.??"]
[Round "3"]
[White "Nikolic, Zivoslav"]
[Black "Eingorn, Vereslav S"]
[Result "1/2-1/2"]
[WhiteElo "2470"]
[BlackElo "2525"]
[PlyCount "77"]
[EventDate "1985.??.??"]
[Source "www.chesslib.no"]
[SourceDate "2004.05.04"]

1. Nf3 Nf6 2. b3 d5 3. Bb2 e6 4. e3 b6 5. Ne5 Bb7 6. Bb5+ c6 7. Be2 Nbd7 8. f4 Bd6 9. O-O Qc7 10. d4 Ne4 11. Bd3 O-O 12. Nd2 f5 13. Nxe4 fxe4 14. Be2 Nxe5 15. fxe5 Rxf1+ 16. Bxf1 Be7 17. Qg4 Bc8 18. Be2 Bd7 19. Rf1 Rf8 20. Rxf8+ Bxf8 21. Qf4 b5 22. Bc3 c5 23. Bh5 g6 24. Bg4 Be7 25. h4 b4 26. Be1 cxd4 27. exd4 Qxc2 28. h5 Qb1 29. Qf1 Qxa2 30. hxg6 hxg6 31. Bxb4 Bxb4 32. Qf6 Bf8 33. Qxg6+ Bg7 34. Bxe6+ Bxe6 35. Qxe6+ Kh8 36. Qe8+ Kh7 37. Qh5+ Kg8 38. Qe8+ Kh7 39. Qh5+ 1/2-1/2

[Event "Feldbach AUT"]
[Site "Feldbach AUT"]
[Date "1996.??.??"]
[Round "2"]
[White "Barczay, Laszlo"]
[Black "Chernin, Alexander M"]
[Result "1-0"]
[WhiteElo "2400"]
[BlackElo "2595"]
[PlyCount "55"]
[EventDate "1996.??.??"]
[Source "www.chesslib.no"]
[SourceDate "2004.05.04"]

1. Nf3 d5 2. c3 g6 3. g3 Bg7 4. d4 Nd7 5. Bg2 c5 6. O-O Ngf6 7. Ne5 e6 8. Nxd7 Nxd7 9. dxc5 Nxc5 10. Be3 Na6 11. Na3 O-O 12. Nb5 Bd7 13. Qc2 b6 14. Nc7 Bc6 15. Bh6 e5 16. Ne6 Qg5 17. e3 Rfc8 18. Nf8 Bd7 19. a3 Nc7 20. Bh1 Rd8 21. Rfd1 Ne8 22. f4 Bh8 23. Nxh7 b5 24. a4 Rac8 25. Qc1 Qf6 26. h3 Qe7 27. h4 Bh3 28. b3 1-0

[Event "Thaelmann Memorial"]
[Site "Berlin East"]
[Date "1989.??.??"]
[Round "?"]
[White "Bagirov, Vladimir K"]
[Black "Lerner, Konstantin Z"]
[Result "1/2-1/2"]
[WhiteElo "2460"]
[BlackElo "2535"]
[PlyCount "121"]
[EventDate "1989.04.??"]
[Source "www.chesslib.no"]
[SourceDate "2004.05.04"]

1. Nf3 c5 2. b3 d5 3. Bb2 Nc6 4. e3 a6 5. g3 Bg4 6. Bg2 e6 7. h3 Bh5 8. O-O Nf6 9. d3 Be7 10. Nbd2 O-O 11. g4 Bg6 12. Ne5 Nxe5 13. Bxe5 Nd7 14. Bb2 f6 15. f4 Bf7 16. c4 Nb8 17. Qe2 Nc6 18. Nf3 Qc7 19. Kh1 Rad8 20. Rad1 Rfe8 21. Qf2 Qa5 22. Ba1 dxc4 23. dxc4 Nb4 24. a4 Rxd1 25. Rxd1 Rd8 26. Rxd8+ Qxd8 27. Qe2 Qc7 28. Bc3 Nc6 29. Ne1 Be8 30. Be4 Nd8 31. Kg1 Bc6 32. Qd3 Bxe4 33. Qxe4 Qb6 34. Qc2 Qc6 35. Qg2 Qb6 36. Qc2 Nf7 37. Nf3 Nd6 38. Nd2 Qc6 39. Qd3 b5 40. axb5 axb5 41. cxb5 Nxb5 42. Bb2 Nc7 43. e4 Na6 44. Bc3 Nb4 45. Qc4 Qd6 46. Nf1 Qxf4 47. Qxe6+ Kf8 48. Qf5 Nd3 49. Bd2 Qb8 50. Qxh7 Qxb3 51. Qh8+ Qg8 52. Qxg8+ Kxg8 53. Ne3 Kf7 54. Nc4 Ke6 55. Kg2 Ne5 56. Ne3 Nf7 57. Nf5 Bf8 58. h4 g6 59. Ng3 Ne5 60. g5 fxg5 61. Bxg5 1/2-1/2

[Event "Soviet Union"]
[Site "Soviet Union"]
[Date "1978.??.??"]
[Round "?"]
[White "Taimanov, Mark E"]
[Black "Vorotnikov, Vladislav V"]
[Result "0-1"]
[WhiteElo "2530"]
[BlackElo "2460"]
[PlyCount "50"]
[EventDate "1978.??.??"]
[Source "www.chesslib.no"]
[SourceDate "2004.05.04"]

1. Nf3 d5 2. e3 Nf6 3. b3 Bg4 4. Bb2 e6 5. h3 Bh5 6. Be2 Nbd7 7. d3 Bd6 8. Nbd2 Qe7 9. a3 O-O 10. g4 Bg6 11. h4 Nxg4 12. h5 Bf5 13. e4 dxe4 14. dxe4 Bc5 15. Nd4 Nde5 16. exf5 exf5 17. Kf1 Rad8 18. c3 Rfe8 19. Rh3 g6 20. b4 Bd6 21. f4 Nf3 22. Rxf3 Qh4 23. Rg3 Qh1+ 24. Rg1 Ne3+ 25. Kf2 Qh2+ 0-1